| 000 | 00725nam a2200265 a 4500 | ||
|---|---|---|---|
| 003 | AR-BaBNM | ||
| 005 | 20251128203753.0 | ||
| 008 | 082120s2002 ||||||||||||||000 | spa|| | ||
| 040 | _cAR-BaBNM | ||
| 100 | 1 | _aUlich, Dieter | |
| 245 | 0 | 0 | _aDinámica de grupo en la clase escolar |
| 250 | _a1ª ed. | ||
| 260 |
_aBuenos Aires _bKapelusz _c1974 |
||
| 300 |
_a95 p. _bdiagr. |
||
| 490 | 0 | _aBiblioteca de cultura pedagógica | |
| 504 | _aContiene bibliografía | ||
| 650 | 4 | _aDINAMICA DE GRUPO | |
| 650 | 4 | _aMETODOS DE ENSEÑANZA | |
| 650 | 4 | _aENSEÑANZA EN GRUPO | |
| 650 | 4 | _aESTRUCTURA DEL GRUPO | |
| 650 | 4 | _aCONSTITUCION DE GRUPOS DE ESTUDIO | |
| 700 | 1 | _aThomas, Juan Jorge | |
| 942 | _cBK | ||
| 998 | _csilvi | ||
| 999 |
_c4876 _d4876 |
||